Welcome to CU Library Online Public Access Catalogue (OPAC)

Clarke's analysis of drugs and poisons : (Record no. 7730)

MARC details
000 -LEADER
fixed length control field 01288cam a22003497a 4500
001 - CONTROL NUMBER
control field 16587359
005 - DATE AND TIME OF LATEST TRANSACTION
control field 20250925150953.0
008 - FIXED-LENGTH DATA ELEMENTS--GENERAL INFORMATION
fixed length control field 101222s2004 enka b 001 0 eng
020 ## - INTERNATIONAL STANDARD BOOK NUMBER
International Standard Book Number 9780853694731
Qualifying information set
020 ## - INTERNATIONAL STANDARD BOOK NUMBER
International Standard Book Number 0853694737
Qualifying information set
050 00 - LIBRARY OF CONGRESS CALL NUMBER
Classification number RA1221
Item number .C55 2004
082 04 - DEWEY DECIMAL CLASSIFICATION NUMBER
Classification number 615.1901
Edition information 22
245 00 - TITLE STATEMENT
Title Clarke's analysis of drugs and poisons :
Remainder of title in pharmaceuticals, body fluids and postmortem material /
Statement of responsibility, etc. consulting editors, Anthony C. Moffat, M. David Osselton, Brian Widdop ; managing editor, Laurent Y. Galichet.
250 ## - EDITION STATEMENT
Edition statement 3rd ed.
260 ## - PUBLICATION, DISTRIBUTION, ETC.
Place of publication, distribution, etc. London ;
-- Chicago :
Name of publisher, distributor, etc. Pharmaceutical Press,
Date of publication, distribution, etc. 2004.
300 ## - PHYSICAL DESCRIPTION
Extent 2 v. (xxi, 1935, lxxxiv p.) :
Other physical details ill. ;
Dimensions 29 cm.
650 #0 - SUBJECT ADDED ENTRY--TOPICAL TERM
Topical term or geographic name entry element Analytical toxicology.
650 #0 - SUBJECT ADDED ENTRY--TOPICAL TERM
Topical term or geographic name entry element Pharmaceutical chemistry.
650 12 - SUBJECT ADDED ENTRY--TOPICAL TERM
Topical term or geographic name entry element Pharmaceutical Preparations
General subdivision analysis.
650 22 - SUBJECT ADDED ENTRY--TOPICAL TERM
Topical term or geographic name entry element Poisons
General subdivision analysis.
650 #6 - SUBJECT ADDED ENTRY--TOPICAL TERM
Topical term or geographic name entry element Toxicologie analytique.
650 #6 - SUBJECT ADDED ENTRY--TOPICAL TERM
Topical term or geographic name entry element Médicaments
General subdivision Analyse.
650 #6 - SUBJECT ADDED ENTRY--TOPICAL TERM
Topical term or geographic name entry element Poisons
General subdivision Analyse.
650 17 - SUBJECT ADDED ENTRY--TOPICAL TERM
Topical term or geographic name entry element Geneesmiddelen.
Source of heading or term gtt
650 17 - SUBJECT ADDED ENTRY--TOPICAL TERM
Topical term or geographic name entry element Chemische analyses.
Source of heading or term gtt
650 17 - SUBJECT ADDED ENTRY--TOPICAL TERM
Topical term or geographic name entry element Toxicologie.
Source of heading or term gtt
650 #7 - SUBJECT ADDED ENTRY--TOPICAL TERM
Topical term or geographic name entry element Fármacos (análise;toxicidade)
Source of heading or term larpcal
650 #7 - SUBJECT ADDED ENTRY--TOPICAL TERM
Topical term or geographic name entry element Química farmacêutica.
Source of heading or term larpcal
650 #7 - SUBJECT ADDED ENTRY--TOPICAL TERM
Topical term or geographic name entry element Análise toxicológica.
Source of heading or term larpcal
700 1# - ADDED ENTRY--PERSONAL NAME
Personal name Moffat, Anthony C.
942 ## - ADDED ENTRY ELEMENTS (KOHA)
Source of classification or shelving scheme Library of Congress Classification
Koha item type Books
Edition 3rd ed.
Suppress in OPAC No
999 ## -
-- 7730
-- 7730
Holdings
Withdrawn status Lost status Source of classification or shelving scheme Damaged status Not for loan Collection Home library Current library Shelving location Date acquired Total checkouts Full call number Barcode Date last seen Copy number Price effective from Koha item type
    Library of Congress Classification     Non-fiction Science Library (Miotso) Science Library (Miotso) General stacks 09/25/2025   RS189 CLA SLM00004398 09/25/2025 1 09/25/2025 Books
    Library of Congress Classification     Non-fiction Science Library (Miotso) Science Library (Miotso) General stacks 09/25/2025   RS189 CLA SLM00004399 09/25/2025 2 09/25/2025 Books
    Library of Congress Classification     Non-fiction Science Library (Miotso) Science Library (Miotso) General stacks 09/25/2025   RS189 CLA SLM00004400 09/25/2025 3 09/25/2025 Books
    Library of Congress Classification     Non-fiction Science Library (Miotso) Science Library (Miotso) General stacks 09/25/2025   RS189 CLA SLM00004401 09/25/2025 4 09/25/2025 Books
    Library of Congress Classification     Non-fiction Science Library (Miotso) Science Library (Miotso) General stacks 09/25/2025   RS189 CLA SLM00004402 09/25/2025 5 09/25/2025 Books
    Library of Congress Classification     Non-fiction Science Library (Miotso) Science Library (Miotso) General stacks 09/25/2025   RS189 CLA SLM00004403 09/25/2025 6 09/25/2025 Books
    Library of Congress Classification     Non-fiction Science Library (Miotso) Science Library (Miotso) General stacks 09/25/2025   RS189 CLA SLM00004404 09/25/2025 7 09/25/2025 Books
    Library of Congress Classification     Non-fiction Science Library (Miotso) Science Library (Miotso) General stacks 09/25/2025   RS189 CLA SLM00004405 09/25/2025 8 09/25/2025 Books
    Library of Congress Classification     Non-fiction Science Library (Miotso) Science Library (Miotso) General stacks 09/25/2025   RS189 CLA SLM00004406 09/25/2025 9 09/25/2025 Books
© 2023-2024 Copyright: Central University Libraries. All Rights Reserved | Created by: Mahone Tech Office